| 000 | 01147nam a2200241 a 4500 | ||
|---|---|---|---|
| 003 | DO-SdBNP | ||
| 005 | 20220117104544.0 | ||
| 007 | ta | ||
| 008 | 211215e2007 dr a|||fr|||| 001 0 spa d | ||
| 020 | _a9789945866100 | ||
| 040 |
_aDO-SdBNP _bspa _cBNPHU |
||
| 082 | 4 |
_222 _bR426p |
|
| 110 | 1 |
_974055 _aRepública Dominicana. _bComisión Presidencial de Política Farmaceutica Nacional |
|
| 245 | 1 | 0 | _aPolítica Farmacéutica Nacional / |
| 260 |
_aSanto Domingo : _bOrganización Panamericana de la Salud, _c2007 |
||
| 300 |
_ax, 41, viii, 90 p. : _bil. ; _c22 cm. |
||
| 500 | _aIncluye bibliografía y notas al pié de páginas. | ||
| 505 |
_g
_tPrólogo.-- _tIntroducción.-- _gCapítulo I. _tContextualización.-- _gCapítulo II. _tSituación de los Medicamentos en la República Dominicana. -- _gCapítulo III. _tPropósito y Objetivos de la Política Farmacéutica Nacional.-- _gCapítulo IV. _tDirectivas y Estrategias.-- _tCómo Desarrollar y Aplicar una Política Farmacéutica Nacional.-- |
||
| 590 | _aInventariado 2021 / MF | ||
| 650 |
_aPolítica farmacéutica _xRepública Dominicana _980946 |
||
| 910 | _aMFéliz | ||
| 942 |
_2ddc _cLBS1 |
||
| 999 |
_c51129 _d51129 |
||